000 00755nam a22002657a 4500
003 CHAP
005 20220329140722.0
008 971013s1972 r 00010 d
010 _a56488
011 _a57460
035 _a61615
040 _cCHAP
082 _a334
_bS5Y
100 0 0 _aSimpson, Stanley.
_9106509
245 _aManual de administración básica de cooperativas
260 _aMéxico, D. F. :
_bRoble,
_c1972
300 _a93 p.
590 _aBATCH-UPD
_b10
_c20130110
_lUCH01
_h0514
590 _aCONVERSION
_b10
_c20130109
_lUCH01
_h1330
650 1 4 _aCooperativismo.
_927786
650 1 4 _aSociedades cooperativas
_xColima.
_9108124
901 _aBK
942 _cLIBRO
949 _a334 S5Y
_bBC
_cLIBRO
_d-132305
_eLIBRO
_h17366
_i61615
_si
999 _c56488
_d56488